000 00331nam a22001457a 4500
003 OSt
020 _a9788129129802
082 _a823
_bMAI
100 _aMATHUR, Anurag
245 _aThe Inscrutable Americans
260 _aNew Delhi:
_bRupa Publications,
_c1991.
300 _a229p.
650 _aGeneral Books
942 _2ddc
_cREF
999 _c12773
_d12773